000 00371 a2200145 4500
001 164125
020 _a
040 _cMagnum
100 _aMocelin, Renato
240 1 0 _aAs reacoes armadas ao regime de 64: guerrilha ou terror ?
_lpor
245 1 0 _aAs reacoes armadas ao regime de 64: guerrilha ou terror ?
362 0 _a1899
697 _aPARADIDATICO
942 _cBK
999 _c164125
_d164125